Países de los papas en una mapa - Estadísticas

Estadísticas generales
  • Esta prueba ha sido intentada 102 veces
  • La puntuación promedio es 15 de 16
Respuestas en el mapa
Las respuestas están codificadas por una escala verde-roja en el mapa de la prueba según el % correcto abajo.
 
Estadísticas de respuestas
Número de Papas País % Correcto
2 España
100%
1 Portugal
100%
1 Argentina
99%
16 Francia
99%
3 Grecia
99%
212 Italia / Ciudad del Vaticano
99%
1 Polonia
99%
6 Alemania
98%
1 Estados Unidos
98%
2 Turquía
98%
1 Países Bajos
97%
1 Reino Unido
97%
2 Croacia
92%
1 Libia
89%
3 Siria
88%
3 Israel
84%
No se encontraron pruebas coincidentes
Distribución de puntuación
Porcentaje de gente con cada puntuación
Porcentaje por número respondido
Historial de tus puntuaciones
No has intentado esta prueba.